[Event "Olimpiade 2014 - Open"]
[Site "Tromsø"]
[Date "02.08.2014"]
[Round "1.45"]
[Board "3"]
[White "Ibarra Chami, Luis Fernando"]
[Black "Taleb Mohamed, Ahmed"]
[Result "1-0"]
[WhiteTitle "IM"]
[BlackTitle "CM"]
[WhiteElo "2467"]
[BlackElo "2024"]
[WhiteTeam "Mexico"]
[BlackTeam "Mauritania"]
[WhiteFideId "5105048"]
[BlackFideId "19600038"]
[EventDate "2014.08.02"]

1. c4 e5 2. Nc3 f5 3. g3 Nf6 4. Bg2 Bc5 5. e3 O-O 6. d4 exd4 7. exd4 Bb4 8. Ne2
c6 9. O-O Kh8 10. Bf4 d6 11. Qa4 Bxc3 12. bxc3 Nh5 13. c5 Nxf4 14. Nxf4 dxc5 15.
dxc5 Qf6 16. Rfe1 Qxc3 17. Bf1 Qf6 18. Rad1 Qh6 19. Rd6 g6 20. Re7 b5 21. cxb6
c5 22. b7 Bxb7 23. Rxb7 a5 24. Qc2 Nc6 25. Rxc6 1-0

[Event "Olimpiade 2014 - Open"]
[Site "Tromsø"]
[Date "02.08.2014"]
[Round "1.45"]
[Board "4"]
[White "Sabar, Ethmane Daouda"]
[Black "Torres Rosas, Luis Carlos"]
[Result "0-1"]
[BlackTitle "CM"]
[WhiteElo "2002"]
[BlackElo "2351"]
[WhiteTeam "Mauritania"]
[BlackTeam "Mexico"]
[WhiteFideId "19600097"]
[BlackFideId "5111080"]
[EventDate "2014.08.02"]

1. d4 Nf6 2. Nf3 g6 3. c4 Bg7 4. g3 O-O 5. Bg2 d6 6. O-O Nc6 7. Nc3 Bg4 8. b3
Nd7 9. Be3 e5 10. d5 Bxf3 11. Bxf3 Ne7 12. Bg4 f5 13. Bh3 h6 14. Qd2 g5 15. f4
exf4 16. gxf4 g4 17. Bg2 Ng6 18. Bd4 Bxd4+ 19. Qxd4 Nf6 20. e4 fxe4 21. Nxe4
Nxe4 22. Qxe4 Qf6 23. Qe6+ Kh8 24. Rae1 h5 25. Re4 Rf7 26. h3 Qg7 27. f5 Ne5 28.
f6 Qg6 29. Rxe5 dxe5 30. Be4 Qxe4 31. Qxf7 Qe3+ 32. Rf2 Qe1+ 33. Kg2 gxh3+ 34.
Kxh3 Qh1+ 0-1

[Event "Olimpiade 2014 - Open"]
[Site "Tromsø"]
[Date "02.08.2014"]
[Round "1.47"]
[Board "1"]
[White "Bachmann, Axel"]
[Black "Chipanga, Chiletso"]
[Result "1-0"]
[WhiteTitle "GM"]
[BlackTitle "CM"]
[WhiteElo "2644"]
[BlackElo "2060"]
[WhiteTeam "Paraguay"]
[BlackTeam "Malawi"]
[WhiteFideId "3700488"]
[BlackFideId "16400119"]
[EventDate "2014.08.02"]

1. Nf3 Nf6 2. c4 c5 3. Nc3 Nc6 4. d4 cxd4 5. Nxd4 g6 6. g3 Bg7 7. Bg2 O-O 8. O-O
Ng4 9. e3 Nge5 10. b3 d6 11. Nde2 Be6 12. Bb2 Qc8 13. f4 Ng4 14. Qd2 f5 15. Nd4
Bf7 16. Nd5 Re8 17. h3 Nf6 18. Nb5 Nxd5 19. cxd5 Bxb2 20. dxc6 bxc6 21. Qxb2
cxb5 22. Rac1 Qe6 23. Bxa8 Qxe3+ 24. Kh2 Rxa8 25. Rfe1 Qb6 26. Rxe7 Re8 27.
Rxe8+ Bxe8 28. Qe2 Bd7 29. h4 1-0

[Event "Olimpiade 2014 - Open"]
[Site "Tromsø"]
[Date "02.08.2014"]
[Round "1.47"]
[Board "2"]
[White "Chimthere, Alfred Charles"]
[Black "Cubas, Jose Fernando"]
[Result "0-1"]
[BlackTitle "GM"]
[WhiteElo "2017"]
[BlackElo "2455"]
[WhiteTeam "Malawi"]
[BlackTeam "Paraguay"]
[WhiteFideId "16400046"]
[BlackFideId "3700267"]
[EventDate "2014.08.02"]

1. Nf3 d5 2. c4 d4 3. b4 g6 4. Bb2 Bg7 5. g3 e5 6. d3 Ne7 7. Bg2 O-O 8. O-O c5
9. a3 Na6 10. Qb3 Qd6 11. b5 Nc7 12. Nbd2 f5 13. a4 a5 14. Rfe1 b6 15. e3 Bb7
16. exd4 exd4 17. Re2 Rae8 18. Rae1 Bc8 19. Qd1 f4 20. Ne5 Bh6 21. Nc6 Nxc6 22.
Rxe8 Nxe8 23. Bxc6 Nf6 24. Qe2 fxg3 25. hxg3 Be3 26. Nf1 Bg4 27. Qc2 Bh6 28. Bc1
Bxc1 29. Qxc1 Bf5 30. Qd2 Ng4 31. Bd5+ Kg7 32. Qg5 Nf6 33. Be4 h6 34. Qh4 g5 35.
Qh1 Bxe4 36. dxe4 Ng4 37. f3 Ne5 38. Nd2 Nxf3+ 39. Nxf3 Qxg3+ 40. Qg2 Rxf3 41.
Qxg3 Rxg3+ 42. Kf2 Re3 0-1

[Event "Olimpiade 2014 - Open"]
[Site "Tromsø"]
[Date "02.08.2014"]
[Round "1.47"]
[Board "3"]
[White "Vazquez, Guillermo"]
[Black "Nyambalo, Joseph Xavier"]
[Result "1-0"]
[WhiteTitle "FM"]
[BlackTitle "CM"]
[WhiteElo "2323"]
[BlackElo "2115"]
[WhiteTeam "Paraguay"]
[BlackTeam "Malawi"]
[WhiteFideId "3702308"]
[BlackFideId "20500041"]
[EventDate "2014.08.02"]

1. Nf3 Nf6 2. c4 e6 3. g3 d5 4. Bg2 Be7 5. O-O O-O 6. d4 c6 7. Qc2 Nbd7 8. Rd1
Re8 9. Nbd2 b6 10. e4 dxe4 11. Ng5 h6 12. Ngxe4 Bb7 13. c5 b5 14. a4 a6 15. Nb3
Nd5 16. Bd2 N7f6 17. Ra2 Qd7 18. Rda1 Nxe4 19. Qxe4 Bf6 20. Qg4 Kh8 21. Qh5 Bd8
22. Re1 Nf6 23. Qf3 Nd5 24. h4 Kg8 25. Nc1 Bf6 26. Qg4 Kh8 27. Nd3 Ne7 28. Bc3
Rad8 29. Ne5 Bxe5 30. dxe5 Nd5 31. Bd2 b4 32. a5 b3 33. Ra3 Qe7 34. Rxb3 Rd7 35.
Rc1 Red8 36. Qh5 Qf8 37. Bg5 Rb8 38. Bf1 Kg8 39. Bd2 Nc7 40. Be3 Nb5 41. Qg4 Kh8
42. Qe4 Ba8 43. Bd3 g6 44. h5 Qg7 45. hxg6 fxg6 46. Qxg6 Qxg6 47. Bxg6 Kg7 48.
Be4 Rbd8 49. Kg2 Rd1 50. Rxd1 Rxd1 51. Rd3 Rxd3 52. Bxd3 Bb7 53. g4 Nc7 54. Kg3
Nd5 55. Bd2 Bc8 56. f4 Ne7 57. Be1 Kf7 58. Kf3 Kg7 59. Bh4 1-0

[Event "Olimpiade 2014 - Open"]
[Site "Tromsø"]
[Date "02.08.2014"]
[Round "1.48"]
[Board "1"]
[White "Maqseed, Nasser"]
[Black "Ismagambetov, Anuar"]
[Result "0-1"]
[WhiteTitle "CM"]
[BlackTitle "GM"]
[WhiteElo "1951"]
[BlackElo "2531"]
[WhiteTeam "Kuwait"]
[BlackTeam "Kazakhstan"]
[WhiteFideId "10300074"]
[BlackFideId "13701525"]
[EventDate "2014.08.02"]

1. Nf3 Nf6 2. g3 d5 3. Bg2 c5 4. d3 g6 5. Nbd2 Bg7 6. O-O O-O 7. e4 Nc6 8. c3 e5
9. Re1 d4 10. Nc4 Re8 11. a4 b6 12. Na3 Bg4 13. h3 Bd7 14. c4 a6 15. Bd2 Rb8 16.
Nh4 Nb4 17. Qb3 Qe7 18. Nc2 Nc6 19. Na3 Rf8 20. Qd1 Nb4 21. Qb3 Kh8 22. Bxb4
cxb4 23. Nb1 Be6 24. Nd2 Nd7 25. Qd1 Bh6 26. b3 Nc5 27. Ndf3 f6 28. Nh2 Qd6 29.
Rb1 Rbe8 30. Qe2 Bd7 31. Ng4 Bg7 32. Qd2 f5 33. exf5 gxf5 34. Nh2 Qh6 35. Qxh6
Bxh6 36. Bf1 e4 37. Red1 Bg7 38. Ng2 Be5 39. Nf4 Bxf4 40. gxf4 Rg8+ 41. Bg2 Nxd3
42. Rxd3 exd3 43. Kf1 d2 44. Nf3 Rxg2 45. Kxg2 Bc6 46. Rd1 Rg8+ 47. Kf1 Bxf3 48.
Rxd2 Rd8 49. Kg1 d3 50. Kh2 Be2 51. Kg3 Rg8+ 52. Kh2 a5 53. f3 h5 54. h4 Rg6 0-1

[Event "Olimpiade 2014 - Open"]
[Site "Tromsø"]
[Date "02.08.2014"]
[Round "1.48"]
[Board "2"]
[White "Kotsur, Pavel"]
[Black "Shehab, Ibrahim"]
[Result "1-0"]
[WhiteTitle "GM"]
[WhiteElo "2559"]
[BlackElo "2036"]
[WhiteTeam "Kazakhstan"]
[BlackTeam "Kuwait"]
[WhiteFideId "13700278"]
[BlackFideId "10300082"]
[EventDate "2014.08.02"]

1. d4 Nf6 2. c4 c5 3. Nf3 e6 4. Nc3 d5 5. cxd5 exd5 6. g3 Nc6 7. Bg2 h6 8. O-O
Be6 9. b3 Rc8 10. Bb2 Nxd4 11. Nxd4 cxd4 12. Qxd4 Bc5 13. Qa4+ Rc6 14. e4 O-O
15. Rad1 d4 16. e5 Ra6 17. Qb5 Nd7 18. Na4 Ra5 19. Qxb7 Qg5 20. f4 Qg6 21. Bxd4
Bxd4+ 22. Rxd4 Rd8 23. Qc7 1-0

[Event "Olimpiade 2014 - Open"]
[Site "Tromsø"]
[Date "02.08.2014"]
[Round "1.48"]
[Board "3"]
[White "Al Khateeb, Taher"]
[Black "Kostenko, Petr"]
[Result "0-1"]
[BlackTitle "GM"]
[WhiteElo "1972"]
[BlackElo "2461"]
[WhiteTeam "Kuwait"]
[BlackTeam "Kazakhstan"]
[WhiteFideId "10300058"]
[BlackFideId "13700669"]
[EventDate "2014.08.02"]

1. d4 e6 2. Nf3 Nf6 3. e3 d5 4. Bd3 c5 5. c3 Nbd7 6. O-O Bd6 7. Nbd2 O-O 8. Re1
Qc7 9. e4 cxd4 10. cxd4 dxe4 11. Nxe4 Be7 12. Bg5 Re8 13. Rc1 Qd8 14. Bf4 Nd5
15. Bg3 Nf8 16. Bc4 a6 17. Bxd5 exd5 18. Bc7 Qd7 19. Ne5 Qf5 20. Ng3 Qf6 21. Re3
Qh6 22. Ng4 Qg5 23. Ne5 Be6 24. Nf3 Qh6 25. Ba5 Bd6 26. Bd2 Bf4 27. Rec3 Ng6 28.
Bxf4 Qxf4 29. Qd2 Rac8 30. Rxc8 Rxc8 31. Rxc8+ Bxc8 32. Qe1 Bg4 33. Ne2 Qd6 34.
Nc3 Bxf3 35. gxf3 Kf8 36. Qe3 Nh4 37. f4 Qg6+ 38. Qg3 Nf3+ 39. Kg2 Nxd4 40. Qxg6
fxg6 41. Nxd5 Kf7 42. Kg3 Ke6 43. Ne3 b5 44. b4 Ne2+ 45. Kf3 Nc3 46. a3 Nb1 47.
Nc2 Kd5 48. Ke3 Kc4 49. h4 Kc3 50. Nd4 Nxa3 51. Nc6 Nc2+ 0-1

[Event "Olimpiade 2014 - Open"]
[Site "Tromsø"]
[Date "02.08.2014"]
[Round "1.48"]
[Board "4"]
[White "Khusnutdinov, Rustam"]
[Black "Hashem, Khaled"]
[Result "1-0"]
[WhiteTitle "GM"]
[BlackTitle "CM"]
[WhiteElo "2470"]
[BlackElo "1963"]
[WhiteTeam "Kazakhstan"]
[BlackTeam "Kuwait"]
[WhiteFideId "13701703"]
[BlackFideId "10300201"]
[EventDate "2014.08.02"]

1. e4 e5 2. Nf3 Nc6 3. Bc4 Bc5 4. c3 Nf6 5. d3 d6 6. Bb3 Bg4 7. h3 Bh5 8. Nbd2
Qd7 9. Nf1 d5 10. Qe2 dxe4 11. dxe4 O-O-O 12. Bg5 Qd3 13. Bxf6 gxf6 14. g4 Bg6
15. Ng3 Qxe2+ 16. Kxe2 Na5 17. Nh4 Nxb3 18. axb3 Rd7 19. b4 Bb6 20. Rad1 Rhd8
21. Rxd7 Rxd7 22. Nhf5 c6 23. Ne3 Rd8 24. h4 h6 25. h5 Bh7 26. Nef5 Bxf5 27.
Nxf5 Rh8 28. Rd1 Bc7 29. Ne7+ Kb8 30. Rd7 a6 31. f3 Rh7 32. Ng8 Kc8 33. Nxf6 Rg7
34. Rxc7+ 1-0

[Event "Olimpiade 2014 - Open"]
[Site "Tromsø"]
[Date "02.08.2014"]
[Round "1.49"]
[Board "1"]
[White "Vasquez Schroeder, Rodrigo"]
[Black "Muniz Pardino, Alberto"]
[Result "1-0"]
[WhiteTitle "GM"]
[WhiteElo "2533"]
[BlackElo "2106"]
[WhiteTeam "Chile"]
[BlackTeam "Hong Kong"]
[WhiteFideId "3400042"]
[BlackFideId "2229560"]
[EventDate "2014.08.02"]

1. d4 d5 2. c4 c6 3. Nf3 e6 4. Qc2 f5 5. Bf4 Nf6 6. e3 Be7 7. Nc3 O-O 8. Bd3 Ne4
9. g4 b6 10. gxf5 exf5 11. cxd5 Nxc3 12. Qxc3 cxd5 13. Rc1 Ba6 14. Bxb8 Bxd3 15.
Bc7 Qe8 16. Qxd3 Rc8 17. Ke2 1-0

[Event "Olimpiade 2014 - Open"]
[Site "Tromsø"]
[Date "02.08.2014"]
[Round "1.49"]
[Board "2"]
[White "Yang, Robert Michael"]
[Black "Flores Rios, Mauricio"]
[Result "0-1"]
[BlackTitle "GM"]
[WhiteElo "1945"]
[BlackElo "2537"]
[WhiteTeam "Hong Kong"]
[BlackTeam "Chile"]
[WhiteFideId "6002072"]
[BlackFideId "3408027"]
[EventDate "2014.08.02"]

1. e4 c5 2. Nf3 e6 3. d4 cxd4 4. Nxd4 a6 5. c4 Nf6 6. Nc3 Qc7 7. a3 b6 8. Be3
Bb7 9. f3 Be7 10. Be2 O-O 11. O-O d6 12. b4 Nbd7 13. Nb3 Kh8 14. Rc1 Rg8 15. Na4
Rad8 16. Qc2 Rc8 17. Qd2 Bc6 18. Nb2 g5 19. Kh1 g4 20. Bf4 gxf3 21. gxf3 Nh5 22.
Rg1 Nxf4 23. Qxf4 Ne5 24. Nd3 f5 25. exf5 Nxd3 26. Bxd3 e5 27. Qe3 Bg5 28. Rxg5
Rxg5 29. Qxg5 Bxf3+ 30. Kg1 Rg8 31. Qg3 e4 32. Kf2 Rxg3 33. hxg3 Qg7 0-1

[Event "Olimpiade 2014 - Open"]
[Site "Tromsø"]
[Date "02.08.2014"]
[Round "1.49"]
[Board "3"]
[White "Henriquez Villagra, Cristobal"]
[Black "Tsang, Hon Ki"]
[Result "1-0"]
[WhiteTitle "IM"]
[BlackTitle "FM"]
[WhiteElo "2457"]
[BlackElo "2111"]
[WhiteTeam "Chile"]
[BlackTeam "Hong Kong"]
[WhiteFideId "3409350"]
[BlackFideId "6000185"]
[EventDate "2014.08.02"]

1. d4 d5 2. c4 e5 3. dxe5 d4 4. Nf3 Nc6 5. a3 Bg4 6. h3 Bxf3 7. exf3 Nxe5 8. f4
Nc6 9. Be2 Nf6 10. O-O Be7 11. b4 O-O 12. Qd3 Re8 13. Bf3 a6 14. Nd2 Bd6 15. Nb3
Qd7 16. Bd2 Rad8 17. Rfc1 g6 18. b5 axb5 19. cxb5 Ne7 20. Qxd4 Qe6 21. Bc3 Bxa3
22. Qxf6 Qxf6 23. Bxf6 Bxc1 24. Rxc1 Rd3 25. Nc5 Rd6 26. Be5 Rdd8 27. Bxc7 1-0

[Event "Olimpiade 2014 - Open"]
[Site "Tromsø"]
[Date "02.08.2014"]
[Round "1.49"]
[Board "4"]
[White "Chan, Chak Man"]
[Black "Valenzuela Fuentealba, Luis"]
[Result "0-1"]
[WhiteTitle "CM"]
[BlackTitle "IM"]
[WhiteElo "1858"]
[BlackElo "2455"]
[WhiteTeam "Hong Kong"]
[BlackTeam "Chile"]
[WhiteFideId "6001300"]
[BlackFideId "3401294"]
[EventDate "2014.08.02"]

1. Nf3 d5 2. g3 Nf6 3. Bg2 c6 4. d4 Bf5 5. c4 e6 6. O-O Nbd7 7. b3 Be7 8. Ba3
O-O 9. Qc1 a5 10. Nc3 Re8 11. Bxe7 Qxe7 12. Nh4 Bg6 13. Rd1 Red8 14. Nxg6 hxg6
15. cxd5 exd5 16. Rd3 Nf8 17. Qc2 Ne6 18. Na4 g5 19. Rc1 Re8 20. Qb2 g4 21. Rc2
g6 22. Qc1 Kg7 23. f4 Rh8 24. Nc3 Rad8 25. Rcd2 Rh5 26. e3 Rdh8 27. Bh1 Nc7 28.
Re2 Nce8 29. e4 dxe4 30. Bxe4 Qb4 31. Qb2 Nxe4 32. a3 Nxc3 33. axb4 Nxe2+ 34.
Qxe2 axb4 35. Rd2 Nf6 36. Qe7 Rb5 37. Ra2 Re8 38. Qd6 Re6 0-1

[Event "Olimpiade 2014 - Open"]
[Site "Tromsø"]
[Date "02.08.2014"]
[Round "1.50"]
[Board "1"]
[White "Mooney, Graham"]
[Black "Pelletier, Yannick"]
[Result "0-1"]
[BlackTitle "GM"]
[WhiteElo "1880"]
[BlackElo "2578"]
[WhiteTeam "Jersey"]
[BlackTeam "Switzerland"]
[WhiteFideId "15600106"]
[BlackFideId "1301837"]
[EventDate "2014.08.02"]

1. e4 e6 2. Nc3 d5 3. Nf3 Nf6 4. e5 Nfd7 5. d4 c5 6. dxc5 Nc6 7. Bf4 Be7 8. Bd3
Nxc5 9. O-O g5 10. Bg3 h5 11. h3 g4 12. hxg4 hxg4 13. Nh2 Qb6 14. Nxg4 Bd7 15.
Ne2 O-O-O 16. Nf4 Ne4 17. Bxe4 dxe4 18. c3 Qxb2 19. Qb3 Qxb3 20. axb3 Rdg8 21.
Nf6 Rxg3 22. fxg3 Bc5+ 23. Rf2 Nxe5 24. Nxe4 Bb6 25. c4 Bd4 26. Rd1 Bxf2+ 27.
Nxf2 Bc6 28. Re1 Nd7 29. Ne4 Bxe4 30. Rxe4 Nc5 31. Re3 a5 32. Kf2 Rd8 33. Ke2
Rd4 34. Kf3 Kd7 35. Ke2 Re4 36. Rxe4 Nxe4 37. Nd3 Nxg3+ 38. Kf3 Nf5 39. b4 axb4
40. Nxb4 Kd6 41. Nd3 Nh4+ 42. Ke4 Nxg2 43. c5+ Ke7 44. Ne5 f6 45. c6 bxc6 46.
Nxc6+ Kd6 47. Nd4 Nh4 48. Nb5+ Ke7 49. Kf4 f5 50. Kg5 Nf3+ 51. Kf4 Nd2 52. Nd4
Kf6 53. Nb5 e5+ 54. Ke3 Ne4 55. Nc7 Nc5 56. Ne8+ Kg5 57. Nd6 f4+ 58. Kf2 e4 59.
Nc4 Kf5 60. Nd6+ Kg4 61. Nc4 Nd3+ 62. Ke2 Kg3 63. Nd2 Nc5 64. Nf1+ Kh3 65. Nd2
Kg2 66. Nc4 f3+ 67. Ke3 f2 68. Kd4 f1=Q 69. Ne3+ Kg1 70. Nxf1 Kxf1 71. Kxc5 e3
72. Kd5 0-1

[Event "Olimpiade 2014 - Open"]
[Site "Tromsø"]
[Date "02.08.2014"]
[Round "1.50"]
[Board "2"]
[White "Gallagher, Joseph G."]
[Black "Wojciechowski, Paul"]
[Result "1-0"]
[WhiteTitle "GM"]
[BlackTitle "CM"]
[WhiteElo "2473"]
[BlackElo "2056"]
[WhiteTeam "Switzerland"]
[BlackTeam "Jersey"]
[WhiteFideId "1303422"]
[BlackFideId "15600017"]
[EventDate "2014.08.02"]

1. d4 Nf6 2. Bg5 g6 3. Bxf6 exf6 4. e3 Bg7 5. g3 d6 6. Bg2 c6 7. Ne2 Nd7 8. c4
f5 9. Nbc3 Nf6 10. Qd3 O-O 11. O-O Rb8 12. b4 Bd7 13. a4 Re8 14. a5 Qe7 15. Rfb1
Ne4 16. b5 a6 17. bxa6 Nxc3 18. Nxc3 bxa6 19. Rb6 Rxb6 20. axb6 Rb8 21. Rxa6 Qd8
22. Na4 Bc8 23. Ra7 Bb7 24. Qb3 Qc8 25. c5 d5 26. Nc3 Qd8 27. Qa4 Ra8 28. Rxa8
Qxa8 29. Qxa8+ Bxa8 30. Bf1 Bb7 31. Na2 1-0

[Event "Olimpiade 2014 - Open"]
[Site "Tromsø"]
[Date "02.08.2014"]
[Round "1.50"]
[Board "3"]
[White "Belzo, Krzysztof"]
[Black "Georgiadis, Nico"]
[Result "0-1"]
[BlackTitle "IM"]
[WhiteElo "2034"]
[BlackElo "2448"]
[WhiteTeam "Jersey"]
[BlackTeam "Switzerland"]
[WhiteFideId "1126768"]
[BlackFideId "1300113"]
[EventDate "2014.08.02"]

1. c4 f5 2. Nc3 Nf6 3. g3 g6 4. Bg2 Bg7 5. d3 O-O 6. e4 fxe4 7. dxe4 d6 8. Nge2
c5 9. O-O Nc6 10. Bg5 Ng4 11. Qd2 h6 12. Bf4 g5 13. Be3 Qe8 14. h3 Nge5 15. b3
Bxh3 16. f4 Qh5 17. fxe5 Nxe5 18. Nf4 gxf4 19. gxf4 Ng4 20. Nd5 Nxe3 21. Nxe3
Bxa1 22. Rxa1 Rxf4 23. Nf5 Qg5 24. Nxe7+ Kh7 0-1

[Event "Olimpiade 2014 - Open"]
[Site "Tromsø"]
[Date "02.08.2014"]
[Round "1.50"]
[Board "4"]
[White "Kurmann, Oliver"]
[Black "Forbes, Garry"]
[Result "1-0"]
[WhiteTitle "IM"]
[WhiteElo "2423"]
[BlackElo "1917"]
[WhiteTeam "Switzerland"]
[BlackTeam "Jersey"]
[WhiteFideId "1308173"]
[BlackFideId "10700331"]
[EventDate "2014.08.02"]

1. e4 g6 2. d4 Bg7 3. Nc3 d6 4. Be3 a6 5. h4 h6 6. Qd2 Nd7 7. O-O-O b5 8. f3 Bb7
9. Kb1 Rc8 10. Nh3 c5 11. dxc5 Nxc5 12. Nd5 Bxd5 13. exd5 Nf6 14. g4 h5 15. g5
Nfd7 16. Bd4 O-O 17. Bxg7 Kxg7 18. f4 Qc7 19. Rh2 Na4 20. Qd4+ Kh7 21. Bd3 Nac5
22. Re2 Nxd3 23. Rxd3 Nc5 24. Rde3 Qd7 25. Nf2 e6 26. b4 Na4 27. Ne4 f5 28. Nf6+
Rxf6 29. Qxf6 Qc7 30. Rxe6 1-0

[Event "Olimpiade 2014 - Open"]
[Site "Tromsø"]
[Date "02.08.2014"]
[Round "1.51"]
[Board "1"]
[White "Sadorra, Julio Catalino"]
[Black "Kooshani, Mahbuboollah"]
[Result "1-0"]
[WhiteTitle "GM"]
[BlackTitle "FM"]
[WhiteElo "2590"]
[BlackElo "2036"]
[WhiteTeam "Philippines"]
[BlackTeam "Afghanistan"]
[WhiteFideId "5201268"]
[BlackFideId "11700084"]
[EventDate "2014.08.02"]

1. Nf3 Nf6 2. c4 e6 3. g3 d5 4. b3 Nbd7 5. Bg2 Be7 6. O-O O-O 7. Bb2 c5 8. e3 b6
9. Nc3 Bb7 10. Qe2 Qc7 11. Nb5 Qb8 12. Rfd1 Re8 13. Rac1 Ne4 14. d3 Nd6 15. Nxd6
Bxd6 16. cxd5 exd5 17. d4 cxd4 18. Nxd4 Nc5 19. Nf5 Ne4 20. Nxg7 Be5 21. Nxe8
Qxe8 22. Bxe4 Bxb2 23. Bxh7+ Kxh7 24. Qxb2 Qe6 25. Rc7 Ba6 26. Rd4 Rg8 27. Rh4+
Kg6 28. Qc2+ Kg7 29. Rh7+ Kf8 30. Rxa7 Bc8 31. Raxf7+ Qxf7 32. Qxc8+ 1-0

[Event "Olimpiade 2014 - Open"]
[Site "Tromsø"]
[Date "02.08.2014"]
[Round "1.51"]
[Board "2"]
[White "Asefi, Zaheeruddeen"]
[Black "Gomez, John Paul"]
[Result "0-1"]
[WhiteTitle "FM"]
[BlackTitle "GM"]
[WhiteElo "1996"]
[BlackElo "2526"]
[WhiteTeam "Afghanistan"]
[BlackTeam "Philippines"]
[WhiteFideId "11700025"]
[BlackFideId "5201381"]
[EventDate "2014.08.02"]

1. d4 Nf6 2. Nf3 c5 3. d5 b5 4. c4 Bb7 5. a4 b4 6. Qc2 d6 7. e4 g6 8. b3 Bg7 9.
Bb2 O-O 10. Nbd2 Nbd7 11. Be2 e5 12. h4 Qe7 13. Nf1 Nh5 14. Ne3 Rae8 15. Ng5
Ndf6 16. g3 Bc8 17. O-O-O Bd7 18. Rdg1 Qd8 19. Kd2 Qc8 20. Bc1 h6 21. Nf3 Ng4
22. Nxg4 Bxg4 23. Ke1 f5 24. Nd2 Bxe2 25. Kxe2 Re7 26. Rh2 Ref7 27. Ke1 Nf6 28.
f3 fxe4 29. Nxe4 Nxe4 30. fxe4 Rf3 31. g4 R8f7 32. Ke2 Rc3 33. Qd1 Rff3 34. Bd2
Rxb3 35. h5 Rg3 36. Rxg3 Rxg3 37. Kf2 Qxg4 38. Qxg4 Rxg4 39. Kf3 Rg1 40. hxg6
Rxg6 41. Ke2 Kh7 42. Rf2 Rg4 43. Rf7 Rxe4+ 44. Kf3 Rd4 45. Be3 Rxc4 46. Rxa7 b3
47. Rb7 b2 48. Bd2 Rxa4 49. Ke2 Rb4 0-1

[Event "Olimpiade 2014 - Open"]
[Site "Tromsø"]
[Date "02.08.2014"]
[Round "1.51"]
[Board "4"]
[White "Ahmadi, Zabiullah"]
[Black "Bersamina, Paulo"]
[Result "1/2-1/2"]
[BlackTitle "FM"]
[WhiteElo "2031"]
[BlackElo "2363"]
[WhiteTeam "Afghanistan"]
[BlackTeam "Philippines"]
[WhiteFideId "11700033"]
[BlackFideId "5206995"]
[EventDate "2014.08.02"]

1. e4 c6 2. d4 d5 3. Nc3 dxe4 4. Nxe4 Bf5 5. Ng3 Bg6 6. Nf3 Nd7 7. h4 h6 8. c3
e6 9. h5 Bh7 10. Bf4 Ngf6 11. Bd3 Nd5 12. Be3 Qc7 13. Ne2 Bxd3 14. Qxd3 O-O-O
15. O-O-O c5 16. Kb1 c4 17. Qc2 Kb8 18. g3 Bd6 19. Bc1 Ka8 20. Nd2 N7f6 21. Ne4
Nxe4 22. Qxe4 b5 23. Ka1 Qb7 24. Rde1 b4 25. Bd2 Rb8 26. cxb4 Bxb4 27. Bxb4 Nxb4
28. Nc3 Rhd8 29. Rh4 Rxd4 30. Qxb7+ Kxb7 31. Rxd4 Nc2+ 32. Kb1 Nxd4 33. Re4 Rd8
34. Rg4 Nf5 35. Rxc4 Nd6 36. Rd4 Kc7 37. Kc2 Rb8 38. Ra4 Rb7 39. Ne4 Nxe4 40.
Rxe4 Kd6 41. Kc3 Rb5 42. Ra4 a5 43. g4 f5 44. f3 fxg4 45. fxg4 Ke5 46. b4 axb4+
47. Rxb4 Rd5 48. a4 Rd1 49. Kc4 Kf4 50. Kb5+ Kf3 51. a5 e5 52. a6 e4 53. a7 Rd8
54. Kc5 Ra8 55. Rb7 e3 56. Rxg7 e2 57. Rf7+ Kxg4 58. Re7 Rxa7 59. Rxe2 Kxh5 60.
Kd4 Kg4 61. Re4+ Kf3 62. Re3+ Kg2 63. Re2+ Kg1 64. Re1+ Kf2 65. Rh1 Ra4+ 66. Kd3
Ra3+ 67. Ke4 Ra6 68. Kf4 Rf6+ 69. Kg4 Ke3 70. Ra1 Rc6 71. Kh5 Kf4 72. Rf1+ Ke5
73. Rf8 Rb6 74. Rf1 Ra6 75. Rf2 Rd6 76. Rf8 Ke4 77. Rf7 Ke5 78. Rf1 Ke4 79. Rf7
Ke5 80. Rf1 Re6 81. Re1+ Kd6 82. Rxe6+ Kxe6 1/2-1/2

[Event "Olimpiade 2014 - Open"]
[Site "Tromsø"]
[Date "02.08.2014"]
[Round "1.52"]
[Board "1"]
[White "Li, Hui"]
[Black "Djukic, Nikola"]
[Result "0-1"]
[BlackTitle "GM"]
[WhiteElo "1944"]
[BlackElo "2521"]
[WhiteTeam "Macau"]
[BlackTeam "Montenegro"]
[WhiteFideId "15400310"]
[BlackFideId "922412"]
[EventDate "2014.08.02"]

1. e4 c5 2. Nf3 Nc6 3. d4 cxd4 4. Nxd4 Qc7 5. Nc3 e6 6. Be2 a6 7. O-O Nf6 8. Be3
Be7 9. f4 d6 10. Kh1 O-O 11. a4 Re8 12. Bf3 Rb8 13. Qd2 Bd7 14. Nb3 b6 15. g4
Bc8 16. g5 Nd7 17. Qf2 Bb7 18. Bg2 Bf8 19. Rad1 g6 20. Bc1 Nc5 21. Nxc5 bxc5 22.
f5 Nb4 23. Bf4 Rbd8 24. Rd2 Rd7 25. Rfd1 Red8 26. Kg1 Qc8 27. fxe6 fxe6 28. Bh3
Rf7 29. Qg3 Nc6 30. Nd5 Nd4 31. c3 Bxd5 32. exd5 Nf5 33. dxe6 Qxe6 34. Qd3 d5
35. c4 Qb6 36. Be5 Be7 37. Kh1 Bxg5 38. Rg2 dxc4 39. Qb1 Rxd1+ 40. Qxd1 Ne3 41.
Qg1 Qc6 42. Bc3 Rf1 43. Qxf1 Nxf1 44. Kg1 Be3+ 45. Kxf1 Qf3+ 46. Ke1 Qxh3 47.
Re2 Qf3 0-1

[Event "Olimpiade 2014 - Open"]
[Site "Tromsø"]
[Date "02.08.2014"]
[Round "1.52"]
[Board "2"]
[White "Blagojevic, Dragisa"]
[Black "Ho Hou-Meng, Herman"]
[Result "1-0"]
[WhiteTitle "GM"]
[WhiteElo "2505"]
[BlackElo "1910"]
[WhiteTeam "Montenegro"]
[BlackTeam "Macau"]
[WhiteFideId "900885"]
[BlackFideId "16300190"]
[EventDate "2014.08.02"]

1. d4 e6 2. c4 d5 3. Nc3 f5 4. e3 Nf6 5. Bd3 c6 6. Nge2 Bd6 7. Qc2 O-O 8. f3 Kh8
9. O-O Qe8 10. Bd2 Qh5 11. h3 g6 12. c5 Bc7 13. e4 e5 14. exd5 Nxd5 15. Nxd5
cxd5 16. dxe5 f4 17. Nxf4 Qxe5 18. Rae1 Qg7 19. Nxd5 Qd4+ 20. Kh1 Qxd5 21. Bc4
Qd7 1-0